(De facto independent) countries in Europe - Statistics

General Stats
  • This quiz has been taken 144 times
  • The average score is 41 of 57
Answer Stats
Type Country % Correct
Country Kosovo
87%
Country Spain
82%
Country United Kingdom
81%
Country Andorra
80%
Country France
80%
Country Portugal
80%
Country Italy
79%
Country Norway
78%
Country Norway
78%
Country Russia
78%
Country Vatican City
78%
Country Sweden
77%
Country Denmark
76%
Country Finland
76%
Country Ireland
76%
Country Monaco
76%
Country Serbia
76%
Country Slovenia
76%
Country Switzerland
76%
Country Greece
75%
Country Iceland
75%
Country Liechtenstein
75%
Country San Marino
75%
Country Slovakia
75%
Country Albania
74%
Country Austria
74%
Country Belgium
74%
Country Bulgaria
74%
Country Estonia
74%
Country Germany
74%
Country Latvia
74%
Country Lithuania
74%
Country Luxembourg
74%
Country Moldova
74%
Country Netherlands
74%
Country Poland
74%
De facto Transnistria
74%
Country Belarus
73%
Country Croatia
73%
Country Czech Republic
73%
Country Bosnia & Herzegovina
72%
Country Malta
72%
Country North Macedonia
72%
Country Ukraine
72%
Country Hungary
71%
Country Romania
71%
Country Turkey
69%
Country Montenegro
64%
Country Armenia
62%
De facto Abkhazia
61%
Country Azerbaijan
60%
Country Georgia
60%
De facto South Ossetia
60%
De facto Luhansk
48%
De facto Donetsk
47%
Country Kazakhstan
39%
De facto Artsakh
31%
No matching quizzes found
Score Distribution
Percent of People with Each Score
Percentile by Number Answered
Your Score History
You have not taken this quiz